Riding on a tiger :an autobiography / (Record no. 3940)

000 -LEADER
fixed length control field 00908cam a2200289 i 4500
001 - CONTROL NUMBER
control field 19634515
003 - CONTROL NUMBER IDENTIFIER
control field OSt
005 - DATE AND TIME OF LATEST TRANSACTION
control field 20170919120745.0
008 - FIXED-LENGTH DATA ELEMENTS--GENERAL INFORMATION
fixed length control field 170515s2017 ke a 001 0aeng
010 ## - LIBRARY OF CONGRESS CONTROL NUMBER
LC control number 2016343285
020 ## - INTERNATIONAL STANDARD BOOK NUMBER
International Standard Book Number 9789966349910
040 ## - CATALOGING SOURCE
Original cataloging agency DLC
Language of cataloging eng
Transcribing agency DLC
Description conventions rda
042 ## - AUTHENTICATION CODE
Authentication code lcode
-- pcc
043 ## - GEOGRAPHIC AREA CODE
Geographic area code f-ke---
050 00 - LIBRARY OF CONGRESS CALL NUMBER
Classification number DT433.582.A96 2017
100 1# - MAIN ENTRY--PERSONAL NAME
Personal name Awori, Moody
Fuller form of name (Arthur Moody),
Dates associated with a name 1927-
245 10 - TITLE STATEMENT
Title Riding on a tiger :an autobiography /
Statement of responsibility, etc Moody Awori.
260 ## - PUBLICATION, DISTRIBUTION, ETC. (IMPRINT)
Place of publication, distribution, etc Nairobi
Name of publisher, distributor, etc Moran Publishers
Date of publication, distribution, etc 2017
300 ## - PHYSICAL DESCRIPTION
Extent xv, 443 pages :
Other physical details illustrations (some color) ;
Dimensions 23 cm
500 ## - GENERAL NOTE
General note Includes index.
600 10 - SUBJECT ADDED ENTRY--PERSONAL NAME
Personal name Awori, Moody
Fuller form of name (Arthur Moody),
Dates associated with a name 1927-
650 #0 - SUBJECT ADDED ENTRY--TOPICAL TERM
Topical term or geographic name as entry element Politicians
Geographic subdivision Kenya
Form subdivision Biography.
651 #0 - SUBJECT ADDED ENTRY--GEOGRAPHIC NAME
Geographic name Kenya
General subdivision Politics and government.
906 ## - LOCAL DATA ELEMENT F, LDF (RLIN)
a 7
b cbc
c origode
d 2
e ncip
f 20
g y-gencatlg
942 ## - ADDED ENTRY ELEMENTS (KOHA)
Source of classification or shelving scheme
Koha item type Book
Holdings
Withdrawn status Lost status Source of classification or shelving scheme Damaged status Not for loan Home library Current library Shelving location Date acquired Total Checkouts Total Renewals Full call number Barcode Date last seen Date checked out Copy number Price effective from Koha item type
          Riara University Library Riara University Library General stack 19/09/2017 5 3 DT433.582.A96 2017 9042/17 20/01/2021 14/02/2020 C.1 19/09/2017 Book

Riara University Library,
P.O. Box 49940-00100,
Nairobi, Kenya.